000 01041nam a2200229Ia 4500
003 Ost
005 20260507075648.0
008 260507s9999||||xx |||||||||||||| ||und||
040 _cfsecg
041 _aara
082 _a382.1
100 _aسليمان، عبد العزيز عبد الرحيم
_eمؤلف
245 0 _aالتبادل التجاري :
_bالأسس، العولمة والتجارة الإلكترونية /
_c عبد العزيز عبد الرحيم سليمان
260 _aعمان:
_bدار حامد للنشر والتوزيع,
_c2004
300 _a237 صفحة؛
_bإيضاحات ؛
_c24 سم
520 _aمفهوم التبادل التجاري- تنظيم وإدارة التبادل التجاري- تعديل عمليات التبادل التجاري- السياسات التجارية.
653 _aالتبادل التجاري
653 _aالتجارة الإلكترونية
653 _aالعلاقات الإقتصادية الدولية
653 _aالعولمة
942 _cكتاب
999 _c45530
_d45530